01608nam a2200397 u 450000100070000000500170000700800410002403500110006504000130007604100080008908000070009710000510010424501640015526000430031930000180036265000320038065000340041265000400044665000360048665000400052265000260056265000420058865000380063065000420066865000390071065000390074965000380078865100280082670000550085494200100090999900170091950200120093652600080094895201310095695201230108729137620260506081936.0980820s1998 ||||||m| spa  a291376 ccomduadb aspa aPA10aMejia Roman, Margarita Maria4auteaut932252910aComunicación y evaluación : un estudio de caso sobre los criterios que regulan la relación pedagógica en instituciones educativas de sectores populares aMedellín :b[sin publicador],c1998. a182h. : il. . aAntioquia (Colombia)977506 aMedellín (Antioquia)936127 7aLenguaje y educación2lemb912630 aInstituciones educativas942608 aNúcleo educativo No. 01-02920850 aSector popular933764 aComunicación en educación9174825 aLenguaje y comunicación9175761 aComunicacion oral argumentativa91567 aSistemas de comunicación9117745 aProceso de la comunicacion9103525 aMaestría en educación9181090 7aColombia2embne987054710aZapata Jaramillo, Walter Augusto4auteaut9492591 cTESIS c95603d95603 b153c15 a155 001040708ANTIOQUIAaBCbBCd1998-08-20iC371131l0o372.6 M516cp61000002683957r2023-04-22 00:00:00t1w2023-04-22yTESISI 001040708GENERALaCEDEDbCEDEDd2006-02-28iC896831l0oPA/0098p0592402r2023-04-22 00:00:00t2w2023-04-22yTESIS